书目信息 |
| 题名: |
五子棋选点诀窍
|
|
| 作者: | 彭建国 , 李洪斌 编著 | |
| 分册: | ||
| 出版信息: | 北京 北京体育大学出版社 2005.01 |
|
| 页数: | 200页 | |
| 开本: | 21cm | |
| 丛书名: | 五子棋晋级书系 | |
| 单 册: | ||
| 中图分类: | G891.9 | |
| 科图分类: | ||
| 主题词: | 五子棋--wu zi qi--布局 (棋类运动) | |
| 电子资源: | ||
| ISBN: | 7-81100-255-8 | |
| 000 | 00909nam 2200253 450 | |
| 001 | 012006770797 | |
| 005 | 20071015132833.84 | |
| 010 | @a7-81100-255-8@dCNY13.00 | |
| 100 | @a20060716d2005 km y0chiy0120 ea | |
| 101 | 0 | @achi |
| 102 | @aCN@b110000 | |
| 105 | @aa z 000yy | |
| 200 | 1 | @a五子棋选点诀窍@Awu zi qi xuan dian jue qiao@f彭建国, 李洪斌编著@Fpeng jian guo,li hong bin bian zhu |
| 210 | @a北京@c北京体育大学出版社@d2005.01 | |
| 215 | @a200页@c图@d21cm | |
| 225 | 2 | @a五子棋晋级书系@Awu zi qi jin ji shu xi |
| 330 | @a本书全面介绍了寒星开局的各种演变和攻防技巧,其内容通俗易懂,技术含量高,既可作为五子棋的基础知识读本,也可作为五子棋的最高参考书。 | |
| 410 | 0 | @12001 @a五子棋晋级书系 |
| 606 | 0 | @a五子棋@Awu zi qi@x布局 (棋类运动) |
| 690 | @aG891.9@v4 | |
| 701 | 0 | @a彭建国@Apeng jian guo@4编著 |
| 701 | 0 | @a李洪斌@Ali hong bin@4编著 |
| 801 | 0 | @aCN@c20071015 |
| 905 | @dG891.9@eP491 | |
| 五子棋选点诀窍/彭建国, 李洪斌编著.-北京:北京体育大学出版社,2005.01 |
| 200页:图;21cm.-(五子棋晋级书系) |
| ISBN 7-81100-255-8:CNY13.00 |
| 本书全面介绍了寒星开局的各种演变和攻防技巧,其内容通俗易懂,技术含量高,既可作为五子棋的基础知识读本,也可作为五子棋的最高参考书。 |
| ● |
| 相关链接 |
|
|
|
正题名:五子棋选点诀窍
索取号:G891.9/P491
 
预约/预借
| 序号 | 登录号 | 条形码 | 馆藏地/架位号 | 状态 | 备注 |
| 1 | 596112 | 205961128 | 社科库409/409社科库 28排4列3层/ [索取号:G891.9/P491] | 在馆 | |
| 2 | 596113 | 205961137 | 社科库409/409社科库 28排4列3层/ [索取号:G891.9/P491] | 在馆 | |
| 3 | 596114 | 205961146 | 社科库409/409社科库 28排4列3层/ [索取号:G891.9/P491] | 在馆 | |
| 4 | 651652 | 206516527 | 社科库409/409社科库 28排4列3层/ [索取号:G891.9/P491] | 在馆 | |
| 5 | 651653 | 206516536 | 社科库409/409社科库 28排4列3层/ [索取号:G891.9/P491] | 在馆 | |
| 6 | 651654 | 206516545 | 社科库409/409社科库 28排4列3层/ [索取号:G891.9/P491] | 在馆 |